| 000 | 00706nam a2200217Ia 4500 | ||
|---|---|---|---|
| 001 | 19051 | ||
| 003 | GE_BSU | ||
| 008 | 181216s||||||||xx |||||||||||||| ||und|| | ||
| 040 | _cGE_BSU | ||
| 245 | _aПолитическая наука.№2, 2016 | ||
| 245 | _bполитическая наука в современной росии | ||
| 245 | _cГл.ред Мелешкина Е.Ю. Ред.О.Г.Харитонова | ||
| 250 | _aНауч.журн. | ||
| 260 | _aMосква. | ||
| 260 | _bроссийская академия наук | ||
| 260 | _c2016 | ||
| 300 | _a292стр,20см, | ||
| 653 | _aПолитическая наука. | ||
| 653 | _aპერიოდიკა | ||
| 942 | _cCR | ||
| 999 |
_c52047 _d52047 |
||